Breaking Benjamin Songs - Statistics

General Stats
  • This quiz has been taken 43 times
  • The average score is 32 of 72
Answer Stats
Album Song % Correct
Phobia (2006) The Diary of Jane
97%
Dear Agony (2009) Dear Agony
94%
We Are Not Alone (2004) So Cold
81%
Phobia (2006) Dance With The Devil
75%
Phobia (2006) Breath
72%
Dear Agony (2009) I Will Not Bow
69%
Dark Before Dawn (2015) Angels Fall
66%
Dark Before Dawn (2015) Dark
63%
Phobia (2006) Evil Angel
63%
Dark Before Dawn (2015) Failure
63%
Saturate (2002) Polyamorous
63%
Ember (2018) Red Cold River
63%
Phobia (2006) Unknown Soldier
59%
Dear Agony (2009) Give Me A Sign
56%
Dark Before Dawn (2015) Ashes Of Eden
53%
We Are Not Alone (2004) Firefly
53%
Phobia (2006) Had Enough
53%
Ember (2018) Tourniquet
53%
Phobia (2006) Until The End
53%
Phobia (2006) You
53%
Ember (2018) Blood
50%
Dark Before Dawn (2015) Dawn
50%
We Are Not Alone (2004) Follow
50%
Dear Agony (2009) Crawl
47%
Dear Agony (2009) Hopeless
47%
Dear Agony (2009) Into The Nothing
47%
Phobia (2006) Intro
47%
Dear Agony (2009) Lights Out
47%
Ember (2018) Torn In Two
47%
Dear Agony (2009) What Lies Beneath
47%
Dear Agony (2009) Anthem Of The Angels
44%
Ember (2018) Down
44%
Dear Agony (2009) Fade Away
44%
Ember (2018) Feed The Wolf
44%
Saturate (2002) Medicate
44%
Dark Before Dawn (2015) Never Again
44%
Phobia (2006) Outro
44%
Ember (2018) The Dark Of You
44%
Phobia (2006) Topless
44%
Saturate (2002) Water
44%
Dear Agony (2009) Without You
44%
Dark Before Dawn (2015) The Great Divide
41%
We Are Not Alone (2004) Breakdown
38%
Dark Before Dawn (2015) Close To Heaven
38%
Dark Before Dawn (2015) Hollow
38%
Saturate (2002) Home
38%
Ember (2018) Psycho
38%
We Are Not Alone (2004) Rain
38%
Phobia (2006) You Fight Me
38%
Phobia (2006) Here We Are
34%
Saturate (2002) Skin
34%
We Are Not Alone (2004) Away
31%
Dark Before Dawn (2015) Breaking The Silence
31%
Dark Before Dawn (2015) Bury Me Alive
31%
Dark Before Dawn (2015) Defeated
31%
Saturate (2002) Forever
31%
We Are Not Alone (2004) Forget It
31%
Ember (2018) Save Yourself
31%
We Are Not Alone (2004) Simple Design
31%
We Are Not Alone (2004) Sooner Or Later
31%
Saturate (2002) Sugarcoat
31%
Saturate (2002) Wish I May
31%
We Are Not Alone (2004) Believe
28%
Saturate (2002) Next To Nothing
28%
Saturate (2002) Shallow Bay
28%
We Are Not Alone (2004) Break My Fall
25%
Ember (2018) Close Your Eyes
25%
Ember (2018) Lyra
25%
Saturate (2002) Natural Life
25%
Saturate (2002) No Games
25%
Saturate (2002) Phase
22%
Ember (2018) Vega
22%
No matching quizzes found
Score Distribution
Percent of People with Each Score
Percentile by Number Answered
Your Score History
You have not taken this quiz